Score 0/30 Timer 05:00
0 Plays Today
Word Other Word % Correct
CHININCH
90.3%
VETOVOTE
89.2%
MARCHCHARM
85.3%
BRUSHSHRUB
84.8%
QUIETQUITE
83.5%
LOYALALLOY
73.2%
RIVALVIRAL
72.7%
UNITEUNTIE
65.9%
THINGNIGHT
62.4%
BATTLETABLET
56.5%
CAROLCORAL
55.3%
TACITATTIC
54.5%
POTIONOPTION
50.7%
EARTHYHEARTY
49.5%
CONSERVATIONCONVERSATION
48.9%
Word Other Word % Correct
EXPECTEXCEPT
48.5%
OCEANCANOE
46.4%
DESSERTSSTRESSED
44.6%
LATITUDEALTITUDE
44.1%
DEDUCTIONSDISCOUNTED
43.4%
CHEATINGTEACHING
41.4%
RIPPLESSLIPPER
40.3%
DOINGDINGO
37.6%
BUDGEDEBUG
36.4%
SILENCELICENSE
35.2%
PRONTOPROTON
24.8%
GRADIENTSASTRINGED
24.1%
SEASIDEDISEASE
22.8%
HUSTLESLEUTH
22.5%
TORPIDTRIPOD
17%
Remove Ads.
Support Sporcle.
Get the best of Sporcle when you Go Orange. This ad-free experience offers more features, more stats, and more fun while also helping to support Sporcle. Thank you for becoming a member.

You're not logged in!

Compare scores with friends on all Sporcle quizzes.
OR
Log In

Sporcle TV

Today on Sporcle TV


Watch our educational content, quiz creation guides, and fun videos on Sporcle TV.

Show Comments

Extras

Top Quizzes Today


Score Distribution

Paid Content

Your Account Isn't Verified!

In order to create a playlist on Sporcle, you need to verify the email address you used during registration. Go to your Sporcle Settings to finish the process.

Report this User

Report this user for behavior that violates our Community Guidelines.

Details: